| 000 | 00756nam a2200241 a 4500 | ||
|---|---|---|---|
| 001 | 000187498 | ||
| 003 | AM-YeHGA | ||
| 005 | 20250617123737.0 | ||
| 008 | 981228s1985 ru ||||gr||||||||| |rus|d | ||
| 020 | _c | ||
| 040 | _aAM-YeHGA | ||
| 041 | 1 |
_arus _heng |
|
| 100 | 1 | _aКуинн, Т. | |
| 245 | 1 | 0 |
_aТемпература / _cТ. Куинн ; Пер. с англ. Д.Н. Астрова. |
| 260 |
_aМосква : _bМир, _c1985. |
||
| 300 | _a448 с. | ||
| 504 | _aБиблиогр. 9 назв. | ||
| 534 |
_pОригинал на англ. : _tTemperature / _aT.J. Quinn - _cLondon, New York : Academic Press : 1983 |
||
| 650 | 1 | 4 | _aТемпература |
| 700 | 1 |
_aАстров, Д.Н. _eпер. _4trl |
|
| 942 |
_2udc _cBK |
||
| 090 | _c66062 | ||
| 999 |
_c64945 _d64945 |
||